01152nam a2200193Ia 4500001001000000003001000010008004100020040002500061041001300086100002800099245004600127250001100173260009200184300001200276500026000288501011400548520026000662650003600922L208-3564IT-CnALBA170116s9999||||xx |||||||||||||| ||und|| aIT-CnALBAcIT-CnALBA aITALIANO aFRANCESCA ROMANA, SANTA 0aMIRABILI VISIONI DI S. FRANCESCA ROMANA.  a1a ed. aCINISELLO BALSAMO (MI)bEDIZIONI PAOLINEc1957 [1° Ed.:1957 - Ed.Ling.Originale: 1957] a165 p.  aMISTICA. CURATORE DONNA ANGELA CANTARELLA. BIOGRAFIA. SANTA DI ROMA. DIO AMORE TESORO. VIE DEL CRISTO. GUIDA E DIFENSORE. LOTTA CON SE STESSA E CON IL DIAVOLO. REGINA MAESTRA E MADRE. APPARIZIONE DI MARIA, MADRE SPIRITUALE. DEMONI. TRA I SANTI. INFERNO PU aSocietà San Paolo EM - Piazza San Paolo, 14 - 12051 ALBA (CN) (non commercial uses only) ® Copyright 2017 aMISTICA. CURATORE DONNA ANGELA CANTARELLA. BIOGRAFIA. SANTA DI ROMA. DIO AMORE TESORO. VIE DEL CRISTO. GUIDA E DIFENSORE. LOTTA CON SE STESSA E CON IL DIAVOLO. REGINA MAESTRA E MADRE. APPARIZIONE DI MARIA, MADRE SPIRITUALE. DEMONI. TRA I SANTI. INFERNO PU aPADRI E SCRITTORI ECCLESIASTICI